[Event "AUS-ch Minor"]
[Site "Cammeray"]
[Date "2013.01.06"]
[Round "5"]
[White "Schwandl, Hans"]
[Black "Karabatsos, John"]
[Result "0-1"]
[WhiteElo "1431"]
[BlackElo "1364"]
[PlyCount "64"]
[EventDate "2013.01.02"]
[EventType "swiss"]
[EventRounds "11"]
[EventCountry "AUS"]
[SourceTitle "EXT 2022"]
[Source "ChessBase"]
[SourceDate "2021.10.06"]
[SourceVersion "1"]
[SourceVersionDate "2021.10.06"]
[SourceQuality "1"]

1. e4 c5 2. Nf3 d6 3. d4 cxd4 4. Nxd4 Nf6 5. Nc3 a6 6. h3 b5 7. a3 Bb7 8. Bd3 Nbd7 9. 0-0 g6 10. Kh1 Bg7 11. Nf3 Rc8 12. Qe2 0-0 13. Nd1 Nc5 14. Nd2 Nh5 15. Nf3 Nxd3 16. cxd3 f5 17. exf5 Rxf5 18. Nh4 Re5 19. Qd2 Qf8 20. Kg1 Nf4 21. Qxf4 g5 22. Qxf8+ Rxf8 23. Nf3 Bxf3 24. gxf3 Rxf3 25. Kg2 Rxd3 26. Rb1 Rf5 27. Ne3 Re5 28. Rd1 Rb3 29. Rd5 Rbxe3 30. Rxd6 Re2 31. Rd8+ Kf7 32. Be3 R5xe3 0-1